<?xml version="1.0" encoding="UTF-8"?><?xml-stylesheet type="text/xsl" href="static/style.xsl"?><OAI-PMH xmlns="http://www.openarchives.org/OAI/2.0/" xmlns:xsi="http://www.w3.org/2001/XMLSchema-instance" xsi:schemaLocation="http://www.openarchives.org/OAI/2.0/ http://www.openarchives.org/OAI/2.0/OAI-PMH.xsd"><responseDate>2026-04-17T16:55:45Z</responseDate><request verb="GetRecord" identifier="oai:www.recercat.cat:2117/395915" metadataPrefix="marc">https://recercat.cat/oai/request</request><GetRecord><record><header><identifier>oai:recercat.cat:2117/395915</identifier><datestamp>2025-07-23T00:45:59Z</datestamp><setSpec>com_2072_1033</setSpec><setSpec>col_2072_452951</setSpec></header><metadata><record xmlns="http://www.loc.gov/MARC21/slim" xmlns:dcterms="http://purl.org/dc/terms/" xmlns:xsi="http://www.w3.org/2001/XMLSchema-instance" xmlns:doc="http://www.lyncode.com/xoai" xsi:schemaLocation="http://www.loc.gov/MARC21/slim http://www.loc.gov/standards/marcxml/schema/MARC21slim.xsd">
   <leader>00925njm 22002777a 4500</leader>
   <datafield ind2=" " ind1=" " tag="042">
      <subfield code="a">dc</subfield>
   </datafield>
   <datafield ind2=" " ind1=" " tag="720">
      <subfield code="a">Riba Roca, Marc</subfield>
      <subfield code="e">author</subfield>
   </datafield>
   <datafield ind2=" " ind1=" " tag="260">
      <subfield code="c">2023-07-17</subfield>
   </datafield>
   <datafield ind2=" " ind1=" " tag="520">
      <subfield code="a">El què es pretén aconseguir amb aquest projecte és dissenyar una instal·lació a partir de&#xd;
plaques fotovoltaiques per generar energia verda pels diferents bombaments d’aigua de&#xd;
Santpedor i poder contribuir amb el medi ambient.&#xd;
La intenció d’aquest estudi serà crear un sistema connectat a xarxa que cobreixi entre un&#xd;
70% i 80% de l’energia consumida per no fer un sobredimensionat ja que no s’utilitzaran&#xd;
bateries per emmagatzemar l’energia produïda sobrant.&#xd;
Al ser una instal·lació connectada a xarxa i no fer ús de bateries, no es busca un cost 0&#xd;
sinó poder reduir el cost anual del consum d’energia.&#xd;
Depenent de la placa utilitzada i de com estan connectades entre elles, el resultat final&#xd;
pot variar. S’ha escollit la placa a utilitzar després d’explicar els tipus de plaques que hi&#xd;
ha, materials que les poden conformar, tecnologies que se’ls hi poden afegir i tenint en&#xd;
compte el consum de 46.079,33 KWh anuals i els cost de 5.726,20€ anuals sense la&#xd;
instal·lació ( segons dades proporcionades per Aigües de Manresa).&#xd;
Després d’escollir la placa s’ha calculat el número òptim de plaques a instal·lar a partir&#xd;
d’un mètode teòric i un experimental. Aquest número de plaques òptim és de 60&#xd;
plaques. Finalment, una vegada s’ha sabut el número de plaques, s’ha decidit a quina&#xd;
part de la parcel·la fer la instal·lació ja que tenim l’àrea total que ocuparà la instal·lació.</subfield>
   </datafield>
   <datafield ind2=" " ind1=" " tag="520">
      <subfield code="a">The goal of this project is to design an installation based on photovoltaic panels to&#xd;
generate green energy for the different water pumps in Santpedor, and therefore, take&#xd;
part in helping the environment.&#xd;
The intention of this study is to create a network-connected system that covers between&#xd;
70% and 80% of the energy consumed, since batteries will not be used to store the&#xd;
excess energy produced.&#xd;
As an installation connected to the network and not using batteries, we are not looking&#xd;
for a zero cost, but rather to be able to reduce the annual cost of energy consumption.&#xd;
The final result may vary according to the panel used and how they are connected.&#xd;
Therefore, we have chosen the plate after evaluating the different types of solar panels,&#xd;
materials and technologies that can be used and taking into account the consumption&#xd;
of 46079.33 KWh per year and the costs of €5726.20 per year without the installation.&#xd;
After choosing the solar panel, the optimal number of panels to be installed has been&#xd;
calculated based on a theoretical and an experimental method. This optimal number of&#xd;
plates is 60 plates. Finally, once the number of plates has been known and&#xd;
knowing the total area that the installation will take place, it has been decided on which&#xd;
part of the land the installation will be made.</subfield>
   </datafield>
   <datafield tag="653" ind2=" " ind1=" ">
      <subfield code="a">Àrees temàtiques de la UPC::Edificació::Instal·lacions i acondicionament d'edificis</subfield>
   </datafield>
   <datafield tag="653" ind2=" " ind1=" ">
      <subfield code="a">Solar panels</subfield>
   </datafield>
   <datafield tag="653" ind2=" " ind1=" ">
      <subfield code="a">Instal·lació fotovoltaica</subfield>
   </datafield>
   <datafield tag="653" ind2=" " ind1=" ">
      <subfield code="a">Potència pic</subfield>
   </datafield>
   <datafield tag="653" ind2=" " ind1=" ">
      <subfield code="a">Energia solar</subfield>
   </datafield>
   <datafield tag="653" ind2=" " ind1=" ">
      <subfield code="a">placa solar</subfield>
   </datafield>
   <datafield tag="653" ind2=" " ind1=" ">
      <subfield code="a">Panells solars</subfield>
   </datafield>
   <datafield ind2="0" ind1="0" tag="245">
      <subfield code="a">Instal·lació d'energia solar fotovoltaica en una impulsió d'aigua potable</subfield>
   </datafield>
</record></metadata></record></GetRecord></OAI-PMH>